000
00247nam a2200097Ia 4500
008
230915s9999 xx 000 0 und d
050
_a
BL 1228 .P73 1975
100
_a
A. C. BHAKTIVEDANTA
245
4
_a
THE SCIENCE OF SELF REALIZATION
942
_c
BK
999
_c
66993
_d
66993